| 000 | 00817nam a22002297a 4500 | ||
|---|---|---|---|
| 003 | LK-CoMWRAF | ||
| 008 | 230818b2000 |||||||| |||| 00| 0 eng d | ||
| 020 | _a9551165004 | ||
| 040 |
_aLK-CoMWRAF _dLK-CoMWRAF _eLK-CoMWRAF |
||
| 041 | _aeng | ||
| 082 |
_a363.32 _bWOR |
||
| 111 |
_aOSLO CONFERENCE ON "ROAD MAP TO PEACE IN SRI LANKA" _cOslo kommune, Norway _d2004 |
||
| 245 |
_aPeace in Sri Lanka _b:obstacles and opportunities |
||
| 260 |
_aNugegoda _b:Sansadaya (The Forum), _c2005 |
||
| 300 | _a382 p.; 22 cm | ||
| 650 | _a Terrorism-Sri Lanka-Congresses. | ||
| 650 | _aPeace-building-Sri Lanka-Congresses. | ||
| 650 | _aEthnic conflict-Sri Lanka-Congresses | ||
| 650 | _aTamil (Indic people)-Sri Lanka-Politics and government-Congresses. | ||
| 710 | _aWorld Alliance for Peace in Sri Lanka | ||
| 942 | _cCP | ||
| 999 |
_c3202 _d3202 |
||